| 000 | 00555nam a2200193Ia 4500 | ||
|---|---|---|---|
| 005 | 20250508151039.0 | ||
| 008 | 008 250505s9999 xx 000 0 eng d | ||
| 037 | _aTextual | ||
| 040 |
_aFEDL _beng _cFEDL |
||
| 041 |
_aeng _2eng |
||
| 084 |
_a372.5, GAI _qFEDL |
||
| 100 |
_aGaitskell Charles D _9758296 |
||
| 245 | 0 | _aArt education in the kindergarten | |
| 260 |
_aToronto, Canada _bThe Ryerson Press _c1952 |
||
| 300 | _aviii,40p | ||
| 700 |
_a Gaitskell Margaret _9758297 |
||
| 942 |
_cTEXL _h372.5, GAI |
||
| 999 |
_c1327262 _d1327262 |
||